Statistiques concernant Culture Générale - Série 856

Cliquez ici pour prendre le quiz!

Statistiques générales

  • Ce quiz a été pris 61 fois
  • Le résultat moyen est 6 sur 10

Statistiques - réponses

QuestionRéponse% Correct
De quel pays était originaire le philosophe Confucius ?Chine
91%
De quel pays est originaire la sauce de poisson appelée "nuoc-mam" ?Viêt Nam
83%
Comment appelle-t-on la liste des films auxquels a participé un acteur ou un réalisateur ?filmographie
79%
En 1979, quel artiste nous avoue dans sa chanson qu'il a “Le Coeur grenadine” ?Laurent Voulzy
74%
Dans quel État des États-Unis se trouve la ville de Denver ?Colorado
62%
La maladie nerveuse appelée "chorée de Sydenham", est aussi connue sous le nom de : "danse de Saint-...Guy
53%
Comment appelle-t-on un nid de guêpes ?guêpier
43%
Quel romancier contemporain, prénommé Daniel, a raconté les aventures de Benjamin Malaussène ?Daniel Pennac
33%
Quel héros de bande dessinée a un homme de main nommé Dilat Laraht ?Iznogoud
31%
Comment appelle-t-on un groupe de navires de guerre opérant sous un même chef ?escadre
10%

Distribution des résultats

Percentile par nombre de réponses

% des personnes avec chaque résultat

Votre développement - résultats

Vous n’avez pas pris ce quiz